01076 a2200157 4500003000500000005001700005020001500022040000900037082001200046100002200058245008500080260004000165300002700205505067400232650001200906Nust20221013122309.0 a8123911394 cNust a562,MOO aRaymond C. Moore, aInvertebrate FOSSILS /cRaymond C. Moore, Cecil G. Lalicker & Alfred G. Fischer. aNew York,bMcGraw-Hill, 1952.c1952 a766 p. illusb. 25 cm. aThe Nature of Fossils (Page-1), Foraminifera and Radiolarian (Page-39), Sponges and Spongelike Fossils (Page-79), Coelenterates (Page-99), Bryozoans (Page-156), Brachiopods (Page-199), Mollusks (Page-269), Gastropods (Page-277), Cephalopods (Page-336), Pelecypods (Page-400), Annelids and other Worms (Page-452), Arthropods (Page-464) Trilobites (Page-478), Ostracodes and other Crustaceans (Page-521), Chelicerates Myriapods and Insects (Page-552), Echinoderms (Page-577), Primiive Attached Echinoderms (Page-582), Crinoids (Page-604), Holothuroids (Page-653), Starfishes (Page-659), Echinoids (Page-675), Graptolites and Pterobranchs (Page-715), Conodonts (Page-733). afossils